000
00298nam a2200121Ia 4500
008
190216s9999||||xx |||||||||||||| ||und||
100
_a
L M Prasad
245
0
_a
Business Policy : Strategic Management
250
_a
5th Ed.
260
_b
Sulthan Chand&Sons
_c
2007
650
_a
Commerce
942
_c
BK
999
_c
8247
_d
8247